[Event "AUTO-INT-1603"]
[Site "http://www.queenalice.com/game.php?id=727761"]
[Date "2010.2.7"]
[Round "1"]
[White "anakarine"]
[Black "odinn"]
[Result "1-0"]
[WhiteElo "1564"]
[BlackElo "1551"]

1. d4 d5 2. e3 Nc6 3. h3 Nf6 4. Bb5 Bd7 5. Nf3 e6 6. Bxc6 Bxc6 7. a3 Bd6 8. Nc3
O-O 9. Bd2 g6 10. Ng5 Nh5 11. Qg4 Be7 12. Nf3 Bd7 13. Ne5 Nf6 14. Qf4 Bd6 15.
O-O-O Bxe5 16. Qxe5 a6 17. Ne2 Bb5 18. Nc3 Nd7 19. Qf4 c6 20. Na2 Be2 21. Rde1
Bc4 22. e4 Bxa2 23. b3 Bxb3 24. cxb3 Qf6 25. Qd6 Nb6 26. f4 Nc8 27. Qc7 Na7 28.
Qxb7 Rfb8 29. Qxa6 Rxb3 30. e5 Qf5 31. Kd1 1-0

[Event "AUTO-INT-1603"]
[Site "http://www.queenalice.com/game.php?id=727762"]
[Date "2010.2.7"]
[Round "1"]
[White "odinn"]
[Black "anakarine"]
[Result "0-1"]
[WhiteElo "1536"]
[BlackElo "1579"]

1. e4 e5 2. Nf3 d6 3. Nc3 a6 4. Bc4 h6 5. d3 Nc6 6. Be3 Bg4 7. h3 Bxf3 8. Qxf3
Nf6 9. O-O Nb4 10. Rfc1 Qe7 11. a3 Nc6 12. Re1 Na5 13. b3 Nxc4 14. bxc4 O-O-O
15. Ba7 b6 16. Qf5+ Nd7 17. Nd5 Qe6 18. Qxe6 fxe6 19. Nb4 a5 20. Nc6 Re8 21. a4
Kb7 22. Nxa5+ Kxa7 23. Nb3 Nb8 24. a5 b5 25. cxb5 c6 26. bxc6 Nxc6 27. c4 Rb8
28. Reb1 Nb4 29. Rc1 Nxd3 30. Rd1 Rxb3 31. Rab1 Rc3 0-1

[Event "AUTO-INT-1603"]
[Site "http://www.queenalice.com/game.php?id=727763"]
[Date "2010.2.7"]
[Round "1"]
[White "anakarine"]
[Black "osnirxadrez"]
[Result "1-0"]
[WhiteElo "1554"]
[BlackElo "1436"]

1. d4 Nf6 2. Nf3 d5 3. e3 c6 4. Ne5 Nbd7 5. Nd3 e6 6. a3 Bd6 7. Nc3 O-O 8. Be2
b5 9. Bf3 Nb6 10. h3 Ne4 11. Bxe4 dxe4 12. Nb4 Bxb4 13. axb4 Nd5 14. Na2 a5 15.
Bd2 1-0

[Event "AUTO-INT-1603"]
[Site "http://www.queenalice.com/game.php?id=727764"]
[Date "2010.2.7"]
[Round "1"]
[White "osnirxadrez"]
[Black "anakarine"]
[Result "0-1"]
[WhiteElo "1425"]
[BlackElo "1565"]

1. d4 d5 2. c4 Be6 3. Nc3 h6 4. Nf3 dxc4 5. e3 Nc6 6. Be2 Nf6 7. O-O Bg4 8. Bxc4
Bxf3 9. Qxf3 e6 10. Bd2 e5 11. Nd5 Nxd5 12. Bxd5 Qf6 13. Bxc6+ Qxc6 14. Qg3 exd4
15. exd4 O-O-O 0-1

[Event "AUTO-INT-1603"]
[Site "http://www.queenalice.com/game.php?id=727765"]
[Date "2010.2.7"]
[Round "1"]
[White "anakarine"]
[Black "Markkim"]
[Result "1-0"]
[WhiteElo "1544"]
[BlackElo "1684"]

1. d4 Nf6 2. Nf3 e6 3. a3 Be7 4. Nc3 O-O 5. e3 d5 6. h3 c5 7. Be2 c4 8. Bd2 a6
9. e4 Nxe4 10. Nxe4 dxe4 11. Ne5 Qxd4 12. Nxc4 Rd8 13. c3 Qf6 14. O-O b5 15. Nb6
Ra7 16. Qc1 Bb7 17. Bf4 Bc5 18. Bxb8 Bxb6 19. Bxa7 Bxa7 20. Rb1 Qg6 21. Qf4 e3
22. f3 h6 23. Qc7 Rc8 24. Qxb7 Rd8 25. Qxa7 Rd2 26. Qxe3 Rd5 27. Qb6 Rd2 28.
Rfe1 Qc2 29. Qe3 Rd5 30. Rec1 Qg6 31. Bf1 1-0

[Event "AUTO-INT-1603"]
[Site "http://www.queenalice.com/game.php?id=727766"]
[Date "2010.2.7"]
[Round "1"]
[White "Markkim"]
[Black "anakarine"]
[Result "0-1"]
[WhiteElo "1708"]
[BlackElo "1520"]

1. d4 d5 2. c4 h6 3. Nc3 dxc4 4. Nf3 Nf6 5. e4 Be6 6. d5 Bg4 7. Bxc4 Bxf3 8.
Qxf3 Nbd7 9. O-O Ne5 10. Qe2 Qd6 11. Nb5 Qc5 12. b3 a6 13. Nc3 Qd4 14. Bb2 O-O-O
15. Rad1 Qc5 16. Bxa6 Qb6 17. Bc4 h5 18. Rc1 g6 19. Na4 Qd6 20. f4 Neg4 21. h3
Nh6 22. e5 Qd7 23. exf6 exf6 24. Bxf6 Re8 25. Nb6+ cxb6 26. Bb5+ Bc5+ 27. Qf2
Qxb5 28. Kh2 Re2 29. Qg3 Rhe8 30. d6 Kd7 31. f5 Bxd6 32. Rcd1 Nxf5 0-1

[Event "Challenge"]
[Site "http://www.queenalice.com/game.php?id=733135"]
[Date "2010.2.17"]
[Round "-"]
[White "Tlaloc2k"]
[Black "anakarine"]
[Result "1-0"]
[WhiteElo "1706"]
[BlackElo "1566"]

1. d4 d5 2. e4 Qd6 3. e5 Qe6 4. Nf3 Qf5 5. Bd3 Qg4 6. O-O a6 7. Be2 Nc6 8. c3
Bf5 9. Nbd2 e6 10. h3 Qh5 11. Qb3 O-O-O 12. Qd1 Qg6 13. g4 Be7 14. Kh2 Bc2 15.
Qe1 f6 16. exf6 Bxf6 17. Nb3 Be4 18. Nc5 Bxf3 19. Bxf3 Nge7 20. Nxe6 Rde8 21.
Bf4 Qc2 22. g5 Bxd4 23. Nxd4 Nxd4 24. cxd4 Qxb2 25. Qa5 Qc2 26. Rac1 Qxc1 27.
Rxc1 Kb8 28. Bxc7+ Ka8 29. Qb6 Nc8 30. Qc5 Rhf8 31. Qxd5 Rxf3 32. Qxf3 Ne7 33.
Rb1 1-0

[Event "Anakarine x Wellington"]
[Site "http://www.queenalice.com/game.php?id=738998"]
[Date "2010.2.28"]
[Round "-"]
[White "jw16js"]
[Black "anakarine"]
[Result "1-0"]
[WhiteElo "1490"]
[BlackElo "1488"]

1. e4 e5 2. Nf3 d6 3. Bb5+ c6 4. Bc4 Bg4 5. c3 Bxf3 6. Qxf3 Nf6 7. g4 c5 8. g5
d5 9. exd5 Nfd7 10. d6 f6 11. Qd5 Qb6 12. Na3 Bxd6 13. Qf7+ Kd8 14. Qxg7 Rf8 15.
Qxh7 fxg5 16. Nb5 Be7 17. Qe4 Nc6 18. d3 Nf6 19. Qg2 g4 20. Qg3 a6 21. Na3 Na5
22. Qxe5 Nc6 23. Qe2 Kc7 24. Bh6 Rh8 25. Bf4+ Kd8 26. O-O Kd7 27. Qe6+ Ke8 28.
b3 a5 29. Nb5 Kf8 30. Qf7# 1-0

[Event "Wellington x Anakarine"]
[Site "http://www.queenalice.com/game.php?id=738999"]
[Date "2010.2.28"]
[Round "-"]
[White "anakarine"]
[Black "jw16js"]
[Result "1-0"]
[WhiteElo "1555"]
[BlackElo "1387"]

1. d4 d5 2. e3 Qd6 3. Nc3 Bf5 4. g4 Be4 5. Nxe4 dxe4 6. Bb5+ c6 7. Be2 Nf6 8. a3
g5 9. Bc4 b5 10. Bb3 a5 11. Bd2 Qd7 12. Nh3 h6 13. Bc3 Nxg4 14. Qe2 Bg7 15.
O-O-O a4 16. Ba2 e6 17. Qxg4 f5 18. Qh5+ Kf8 19. Qg6 Ra7 20. Bxe6 Qf7 21. Bxf7
Rxf7 22. Qd6+ Re7 23. Qxb8+ Kf7 24. Qd6 Bf8 25. Qxc6 Rg8 26. Bb4 Rg6 27. Qxb5
Re8 28. Qd7+ Re7 29. Bxe7 Bxe7 30. Qxf5+ Kg7 31. Qxe4 g4 32. Qxe7+ Kg8 33. Nf4
Rg7 34. Qd8+ Kh7 35. Ne6 Ra7 36. d5 Kg6 37. Rd4 Kf5 38. Qh4 Rh7 39. Rf4+ Kg6 40.
Rf6# 1-0

[Event "Challenge"]
[Site "http://www.queenalice.com/game.php?id=749337"]
[Date "2010.3.21"]
[Round "-"]
[White "tranquilli_calmo"]
[Black "anakarine"]
[Result "1-0"]
[WhiteElo "2117"]
[BlackElo "1490"]

1. c4 g6 2. d4 Bg7 3. e4 e5 4. d5 d6 5. Nc3 Bd7 6. Qb3 Qc8 7. Be2 Na6 8. Be3 Nf6
9. Nf3 Ng4 10. Nd1 Nxe3 11. Nxe3 Nc5 12. Qc2 a6 13. b4 Na4 14. O-O Bh6 15. Ne1
Qb8 16. Nd3 Qa7 17. Ng4 Bg7 18. c5 Bb5 19. Rac1 h5 20. Ne3 O-O-O 21. cxd6 Rxd6
22. Qxc7# 1-0

[Event "Challenge"]
[Site "http://www.queenalice.com/game.php?id=749338"]
[Date "2010.3.21"]
[Round "-"]
[White "anakarine"]
[Black "tranquilli_calmo"]
[Result "0-1"]
[WhiteElo "1522"]
[BlackElo "2119"]

1. d4 Nf6 2. g3 e6 3. Bg5 c6 4. a3 Qa5+ 5. c3 Qxg5 6. Nf3 Qb5 7. Qd2 d5 8. e3
Ne4 9. Qc2 Qb6 10. Bh3 c5 11. Ne5 Nc6 12. Nd3 cxd4 13. exd4 Bd6 14. O-O O-O 15.
Bg2 f5 16. b4 e5 17. Bxe4 fxe4 18. Nc1 exd4 19. Ne2 d3 20. Qb3 dxe2 21. Qxd5+
Kh8 22. Nd2 exf1=Q+ 23. Rxf1 Rxf2 24. Rxf2 e3 25. Qxd6 exf2+ 26. Kf1 Bh3+ 27.
Ke2 Re8+ 28. Kd3 Ne5+ 0-1

[Event "Challenge"]
[Site "http://www.queenalice.com/game.php?id=786695"]
[Date "2010.6.7"]
[Round "-"]
[White "Tlaloc2k"]
[Black "anakarine"]
[Result "1-0"]
[WhiteElo "1736"]
[BlackElo "1588"]

1. d4 d5 2. Nf3 e6 3. e3 a6 4. Be2 Bd6 5. Nbd2 h6 6. O-O Nf6 7. c3 Nc6 8. b4 Ne7
9. a4 Bd7 10. Ne5 Bxe5 11. dxe5 Nh7 12. Nf3 Nc6 13. Bb2 f6 14. b5 Na5 15. exf6
Nxf6 16. Ne5 Bc8 17. Ng6 Rg8 18. c4 Bd7 19. Bxf6 Qxf6 20. Bh5 Nxc4 21. Ne5+ Ke7
22. Ng6+ Kd6 23. e4 Nb6 24. e5+ Qxe5 25. Nxe5 Kxe5 26. Qe1+ Kd6 27. Qb4+ Ke5 28.
f4+ Kf6 29. g4 g6 30. Qd4+ Kf7 31. Qe5 gxh5 32. Qxh5+ Rg6 33. h3 Nc4 34. g5 Ne3
35. Rf3 Nf5 36. Rc1 Nd4 37. Rfc3 c6 38. Rd1 Nf5 39. bxc6 Bxc6 40. a5 d4 41. Rc5
Rd8 42. Kf2 d3 43. Ke1 Ne3 44. Rd2 Nc2+ 45. Kf2 Rd4 46. Kg3 Na1 47. Kf2 Rxf4+
48. Ke3 Re4+ 49. Kxd3 Nb3 50. Rxc6 bxc6 51. Kxe4 Nxd2+ 52. Kd3 Nb3 53. h4 Nxa5
54. gxh6 Nb3 55. h7 1-0

[Event "AUTO-INT-1603"]
[Site "http://www.queenalice.com/game.php?id=815215"]
[Date "2010.8.8"]
[Round "2"]
[White "Panzer85"]
[Black "anakarine"]
[Result "0-1"]
[WhiteElo "1549"]
[BlackElo "1593"]

1. e4 e5 2. Nf3 d6 3. Bc4 Qe7 4. d4 Nc6 5. a3 Bg4 6. dxe5 Bxf3 7. Qxf3 Nd4 8.
Qc3 Qxe5 9. Nd2 Nf6 10. Qb4 Nxc2+ 0-1

[Event "AUTO-INT-1603"]
[Site "http://www.queenalice.com/game.php?id=815216"]
[Date "2010.8.8"]
[Round "2"]
[White "anakarine"]
[Black "Panzer85"]
[Result "1-0"]
[WhiteElo "1607"]
[BlackElo "1666"]

1. d4 d5 2. h3 Nc6 3. e3 Nf6 4. Nc3 e5 5. Nf3 Bd6 6. Bb5 Qd7 7. dxe5 Bxe5 8.
Nxe5 Qd6 9. Bxc6+ bxc6 10. Nf3 O-O 11. a3 Ba6 12. Qd4 c5 13. Qd2 Rad8 14. a4 h6
15. b3 d4 16. Nb5 Qb6 17. Qd3 dxe3 18. Qxe3 Rd5 19. O-O Bxb5 20. axb5 Re8 21.
Qc3 Qxb5 22. Bxh6 Ne4 23. Qxg7# 1-0

[Event "AUTO-INT-1603"]
[Site "http://www.queenalice.com/game.php?id=815219"]
[Date "2010.8.8"]
[Round "2"]
[White "anakarine"]
[Black "Prosperidade"]
[Result "0-1"]
[WhiteElo "1556"]
[BlackElo "2019"]

1. d4 d5 2. e3 a6 3. h3 e6 4. a3 c5 5. Nf3 cxd4 6. Nxd4 Nf6 7. Nc3 Nc6 8. Nf3
Bd6 9. Be2 Bc7 10. Bd3 e5 11. Bd2 O-O 12. Qe2 e4 13. Ng1 exd3 14. Qxd3 Re8 15.
O-O-O Be6 16. Nf3 b5 17. b4 Rb8 18. Ng5 Ne5 19. Qe2 h6 20. Nxe6 fxe6 21. f3 Nc4
22. Nb1 Rc8 23. Be1 Be5 24. c3 Nd7 25. f4 Bf6 26. e4 e5 27. exd5 exf4 28. Qf3
Be5 29. Bf2 Qf6 30. Kc2 Qf5+ 31. Rd3 Bf6 32. Bd4 Bxd4 33. g4 Qg6 34. cxd4 Nce5+
35. Nc3 Nxf3 36. h4 Nxd4+ 37. Kd2 Qf6 38. h5 Rc4 39. Nd1 Rc2# 0-1

[Event "AUTO-INT-1603"]
[Site "http://www.queenalice.com/game.php?id=815220"]
[Date "2010.8.8"]
[Round "2"]
[White "Prosperidade"]
[Black "anakarine"]
[Result "1-0"]
[WhiteElo "2003"]
[BlackElo "1590"]

1. d4 d5 2. c4 Be6 3. cxd5 Bxd5 4. Nc3 h6 5. e4 Bc6 6. d5 Bd7 7. h3 Nf6 8. Nf3
e6 9. Bc4 Bb4 10. dxe6 Bxc3+ 11. bxc3 fxe6 12. e5 Ne4 13. Qc2 Nc5 14. Qg6+ Kf8
15. O-O Be8 16. Qg4 Bf7 17. Be3 h5 18. Bxc5+ Kg8 19. Qe4 Nd7 20. Rad1 c6 21. Be3
Qa5 22. Qc2 b5 23. Bd3 c5 24. Be4 Rd8 25. Ng5 Kf8 26. Bg6 Bg8 27. Rd6 Nxe5 28.
Bxc5 Rxd6 29. Bxd6# 1-0

[Event "AUTO-OPEN-2101"]
[Site "http://www.queenalice.com/game.php?id=832340"]
[Date "2010.9.13"]
[Round "1"]
[White "anakarine"]
[Black "deepblue2010"]
[Result "0-1"]
[WhiteElo "1535"]
[BlackElo "1870"]

1. d4 Nf6 2. Bg5 Ne4 3. Be3 d5 4. f3 Nf6 5. Bg5 h6 6. Bxf6 exf6 7. a3 Bd6 8. Nc3
c6 9. e3 O-O 10. Qd2 Re8 11. O-O-O Bf5 12. Nge2 Nd7 13. h3 Qe7 14. g4 Bh7 15. f4
Qxe3 16. f5 Qxd2+ 17. Rxd2 Nb6 18. h4 Nc4 19. Rd3 Ne3 20. Bh3 h5 21. g5 Bxf5 22.
Bxf5 Nxf5 23. Ng1 Bf4+ 24. Kb1 Re1+ 25. Ka2 Ng3 26. Nf3 Rxh1 27. Nd1 Re8 28. Nf2
Rf1 29. Nh3 Bd6 30. gxf6 gxf6 31. Nh2 Rh1 32. Rd2 Ne4 33. Rg2+ Kh7 0-1

[Event "AUTO-OPEN-2101"]
[Site "http://www.queenalice.com/game.php?id=832341"]
[Date "2010.9.13"]
[Round "1"]
[White "deepblue2010"]
[Black "anakarine"]
[Result "1-0"]
[WhiteElo "2063"]
[BlackElo "1560"]

1. e4 e5 2. Nf3 d6 3. d4 Bg4 4. dxe5 Bxf3 5. gxf3 h6 6. exd6 Bxd6 7. Nc3 a6 8.
Be3 Nf6 9. Qd2 Nc6 10. O-O-O Qe7 11. Bc4 O-O-O 12. Qe2 Na5 13. Bxa6 Nh5 14. Qb5
c6 15. Qxa5 Bb4 16. Bxb7+ Qxb7 17. Qf5+ Rd7 18. Rxd7 Qxd7 19. Qxh5 Bxc3 20. bxc3
Qe6 21. Qg4 Rg8 22. Rd1 Qxg4 23. fxg4 Re8 24. f3 Kc7 25. Bf4+ Kb6 26. Rd7 Ra8
27. Rxf7 Rxa2 28. Rxg7 Ra3 29. Bxh6 Rxc3 30. Rf7 1-0

[Event "AUTO-OPEN-2101"]
[Site "http://www.queenalice.com/game.php?id=832342"]
[Date "2010.9.13"]
[Round "1"]
[White "anakarine"]
[Black "xavimg"]
[Result "0-1"]
[WhiteElo "1607"]
[BlackElo "1777"]

1. d4 Nf6 2. Bg5 Ne4 3. Be3 e6 4. a3 Be7 5. f3 Nd6 6. Nc3 Nf5 7. d5 Nxe3 8. Qd2
Bg5 9. Qd3 Na6 10. Ne4 Nxf1 11. Nxg5 Qxg5 12. Kxf1 Qxd5 13. Qc3 O-O 14. Nh3 c6
15. Nf4 Qc5 16. Qd3 Qf5 17. Qd2 d5 18. Nd3 e5 19. Nf2 e4 20. Rc1 Re8 21. f4 e3
22. Qd3 exf2 23. Qf3 Nc5 24. Qxf2 Ne4 25. Qe3 d4 26. Qxd4 Qxf4+ 0-1

[Event "AUTO-OPEN-2101"]
[Site "http://www.queenalice.com/game.php?id=832343"]
[Date "2010.9.13"]
[Round "1"]
[White "xavimg"]
[Black "anakarine"]
[Result "1-0"]
[WhiteElo "1786"]
[BlackElo "1598"]

1. e4 e5 2. Nf3 d6 3. Nc3 Bg4 4. Bc4 Bxf3 5. Qxf3 Nf6 6. d3 h6 7. a4 a6 8. O-O
Nbd7 9. Nd5 Be7 10. Be3 c6 11. Nc3 c5 12. Nd5 Nb6 13. Ba2 Nxa4 14. Nxf6+ Bxf6
15. Qg3 Nxb2 16. Rab1 Qb6 17. Bc1 Qd8 18. Bxb2 O-O 19. Bd5 Rb8 20. Bc1 g5 21. f4
exf4 22. Bxf4 b5 23. Bxd6 Qb6 24. Bxb8 Rxb8 25. Rxf6 Qxf6 26. Qxb8+ Kg7 27. Rf1
Qd4+ 28. Kh1 Qb2 29. Bxf7 1-0

[Event "AUTO-OPEN-2101"]
[Site "http://www.queenalice.com/game.php?id=832344"]
[Date "2010.9.13"]
[Round "1"]
[White "anakarine"]
[Black "nenem"]
[Result "0-1"]
[WhiteElo "1558"]
[BlackElo "1917"]

1. d4 c6 2. e4 d5 3. e5 Bf5 4. Nd2 f6 5. Ngf3 Nd7 6. h3 fxe5 7. dxe5 Qc7 8. Bd3
Bxd3 9. cxd3 Nxe5 10. Qe2 Nxf3+ 11. Nxf3 O-O-O 12. d4 Nf6 13. Bg5 Ne4 14. Be3 h6
15. Ne5 e6 16. Bf4 Bd6 17. Ng6 Bxf4 18. Qg4 Bd2+ 19. Kf1 Qf7 20. f3 Rhg8 21. Ne5
Qf6 22. Ke2 h5 23. Qg6 Qxg6 24. Nxg6 Ng3+ 25. Kxd2 Nxh1 26. Ne7+ Kd7 27. Nxg8
Ng3 28. Nh6 gxh6 29. a3 Kd6 30. Ke3 Rg8 31. b4 Nf5+ 0-1

[Event "AUTO-OPEN-2101"]
[Site "http://www.queenalice.com/game.php?id=832345"]
[Date "2010.9.13"]
[Round "1"]
[White "nenem"]
[Black "anakarine"]
[Result "1-0"]
[WhiteElo "1880"]
[BlackElo "1578"]

1. d4 d5 2. c4 h6 3. e3 e6 4. Nf3 Bb4+ 5. Nc3 Nf6 6. Bd2 Bxc3 7. Bxc3 Ne4 8. Bd3
Nxc3 9. bxc3 a6 10. O-O O-O 11. Re1 Nc6 12. cxd5 exd5 13. Bb1 Bg4 14. h3 Bxf3
15. gxf3 Qh4 16. Kg2 Ne7 17. f4 Qf6 18. Rg1 c6 19. Kh2 Qh4 20. Qg4 Qxf2+ 21. Rg2
Qxg2+ 22. Kxg2 g6 23. f5 g5 24. f6 Nc8 25. Qh5 Nd6 26. Qxh6 1-0

[Event "Deusa_Caissa"]
[Site "http://www.queenalice.com/game.php?id=856860"]
[Date "2010.11.9"]
[Round "1"]
[White "anakarine"]
[Black "garota_rap"]
[Result "0-1"]
[WhiteElo "1574"]
[BlackElo "1622"]

1. d4 Nc6 2. d5 Ne5 3. Qd4 d6 4. Bf4 c5 5. Qe4 f5 6. Qe3 Nf6 7. Bxe5 Nxd5 8. Qb3
dxe5 9. Qb5+ Qd7 10. Qxc5 b6 11. Qc4 g5 12. Nf3 b5 13. Qd3 e4 14. Qd4 Nf6 15.
Qxd7+ Bxd7 16. Nxg5 Rc8 17. Nc3 a5 18. e3 Rc5 19. a3 Bh6 20. Bxb5 Bxg5 21. Bxd7+
Kxd7 22. O-O-O+ Ke8 23. Ne2 Kf7 24. Nd4 Rd8 25. Kb1 Ng4 26. Rdf1 Bf6 27. Nxf5
Rxf5 28. f3 exf3 29. e4 fxg2 30. exf5 gxf1=Q+ 31. Rxf1 Nxh2 32. Rf4 Rb8 33. c3
e5 34. Ra4 Bd8 35. Rc4 Nf3 36. Kc2 h5 37. Re4 h4 38. Re3 Ng5 39. Rxe5 h3 40. Re2
Bc7 41. Rf2 Ne4 42. Rf1 h2 43. Kd3 Nc5+ 44. Kc4 Na4 45. b3 Nb2+ 46. Kc5 Rxb3 47.
Kc6 Rxc3+ 48. Kd7 Nd3 49. Kc8 Be5+ 50. Kb7 Rxa3 51. Kc6 Ra1 0-1

[Event "Deusa_Caissa"]
[Site "http://www.queenalice.com/game.php?id=856866"]
[Date "2010.11.9"]
[Round "2"]
[White "helenaeyng"]
[Black "anakarine"]
[Result "1-0"]
[WhiteElo "1479"]
[BlackElo "1554"]

1. e4 e5 2. Nf3 d6 3. d4 f6 4. d5 Bg4 5. Be2 Bxf3 6. Bxf3 Qd7 7. O-O h6 8. Bh5+
Kd8 9. Nc3 Na6 10. a3 Nc5 11. Be3 Na6 12. Qf3 Qe7 13. Qf5 Nb8 14. f4 Nd7 15. Rf3
a6 16. h4 Kc8 17. Bg4 b5 18. fxe5 fxe5 19. Qxf8+ Qxf8 20. Rxf8+ Kb7 21. Rxa8
Kxa8 22. Bxd7 Nf6 23. Bc6+ Kb8 24. b4 Ng4 25. Bf2 Rf8 26. Rf1 h5 27. Ba7+ Kxa7
28. Rxf8 Ne3 29. Ra8+ Kb6 30. Rb8+ Ka7 31. Rb7+ Ka8 32. Rxc7+ Kb8 33. Rxg7 Nxc2
34. Nb1 Kc8 35. g4 Kd8 36. gxh5 1-0